MARC details
| 000 -LÍDER |
| campo de controle de tamanho fixo |
01369nam a22003257a 4500 |
| 001 - NÚMERO DE CONTROLE |
| campo de controle |
332 |
| 003 - IDENTIFICADOR DO NÚMERO DE CONTROLE |
| campo de controle |
OSt |
| 005 - DATA E HORÁRIO DA ÚLTIMA TRANSAÇÃO |
| campo de controle |
20250528074018.0 |
| 008 - CAMPO DE DADOS FIXOS--INFORMAÇÃO GERAL |
| campo de controle de tamanho fixo |
250328b |||||||e |||| 00| f eng d |
| 040 ## - FONTE DA CATALOGAÇÃO |
| Idioma da catalogação |
por |
| 041 ## - CÓDIGO DE IDIOMA |
| Código do idioma do original e/ou traduções intermediárias do texto |
eng |
| Código do idioma do texto/trilha sonora ou título diferente |
por |
| 082 ## - CDD - CLASSIFICAÇÃO DECIMAL DE DEWEY |
| Número de Classificação |
823 |
| Número do exemplar |
M449s |
| 100 1# - ENTRADA PRINCIPAL--NOME PESSOAL |
| Nome pessoal |
Maugham, W. Somerset |
| Datas associadas ao nome |
1874-1965 |
| 240 ## - TÍTULO UNIFORME |
| Título uniforme |
Of human bondage |
| 245 ## - TÍTULO |
| Título |
Servidão Humana / |
| Indicação de responsabilidade, etc. |
Maugham, W. Somerset ; Tradução de António Barata |
| 260 ## - PUBLICAÇÃO, DISTRIBUIÇÃO, ETC. |
| Local de publicação, distribuição, etc. |
São Paulo |
| Nome do editor, distribuidor, etc. |
Abril |
| Data da publicação, distribuição, etc. |
1971 |
| 300 ## - DESCRIÇÃO FÍSICA |
| Extensão |
563 p. |
| 490 1# - TÍTULO DA SÉRIE |
| Título da série |
Os Imortais da Literatura Universal |
| 520 ## - NOTA DE RESUMO, ETC. |
| Resumo, etc. |
Publicado originalmente em 1915, conta a história de Philip Carey. Órfão e com uma deficiência no pé, ele passa a infância com os tios maternos e sob uma rígida formação religiosa. Mais tarde, questiona os dogmas, abandonando a religião, sem abrir mão do conteúdo ético de sua crença. A partir de então, busca caminhos diferentes para recomeçar a vida. Semi-autobiográfico, o romance narra a trajetória da formação do caráter.<br/> |
| 650 #0 - ASSUNTO--TERMO TÓPICO |
| Cabeçalho tópico ou nome geográfico |
Literatura Inglesa |
| 9 (RLIN) |
89 |
| 650 #0 - ASSUNTO--TERMO TÓPICO |
| Cabeçalho tópico ou nome geográfico |
Questionamento Religioso |
| 9 (RLIN) |
683 |
| 650 #0 - ASSUNTO--TERMO TÓPICO |
| Cabeçalho tópico ou nome geográfico |
Deficiência |
| 9 (RLIN) |
684 |
| 650 #0 - ASSUNTO--TERMO TÓPICO |
| Cabeçalho tópico ou nome geográfico |
Aceitação |
| 9 (RLIN) |
685 |
| 650 #0 - ASSUNTO--TERMO TÓPICO |
| Cabeçalho tópico ou nome geográfico |
Clássicos |
| 9 (RLIN) |
77 |
| 655 #0 - TERMO DE ÍNDICE--GÊNERO E FORMA |
| Gênero/forma/ou termo foco |
Romance |
| 655 #0 - TERMO DE ÍNDICE--GÊNERO E FORMA |
| Gênero/forma/ou termo foco |
Ficção |
| 700 ## - ENTRADA ADICIONADA - NOME PESSOAL |
| Nome pessoal |
António Barata |
| Função do autor por extenso |
TRADUTOR |
| 9 (RLIN) |
686 |
| 830 ## - ENTRADA SECUNDÁRIA DE SÉRIE--TÍTULO UNIFORME |
| Título uniforme |
Os Imortais da Literatura Universal |
| 9 (RLIN) |
461 |
| Número do volume ou designação sequencial da série |
vol. 19 |
| 942 ## - ELEMENTOS DE ENTRADA ADICIONADOS (KOHA) |
| Fonte de classificação ou esquema de arquivamento |
Classificação decimal de Dewey |
| Ocultar no OPAC |
Não |
| Tipo de material Koha |
Livros |